Double-Trouble US Presidents: - Statistics

General Stats
  • This quiz has been taken 61 times
  • The average score is 17 of 20
Answer Stats
Hint Presidents % Correct
1a) Landroe / Moncleve Cleveland
97%
9a)Jackferson / Sonjef Jefferson
97%
3b) " " McKinley
94%
1b) " " Monroe
94%
7b) " " Washington
94%
2a) Mason / Wiloba Wilson
94%
9b) " " Jackson
90%
5b) " " Garfield
87%
6b) " " Harrison
87%
3a) Mckroose / Veltinley Roosevelt
87%
10a) Tafill / Moreft Taft
87%
8a) Manidge / Trucool Truman
87%
8b) " " Coolidge
84%
2b) " " Obama
84%
5a) Thurfield / Argar Arthur
81%
4b) " " Eisenhower
81%
6a) Anthar / Grrison Grant
81%
4a) Tereisen / Carhower Carter
74%
10b) Fillmore
74%
7a) Haywash / Esington Hayes
74%
No matching quizzes found
Score Distribution
Percent of People with Each Score
Percentile by Number Answered
Your Score History
You have not taken this quiz